000 00440nam a2200157Ia 4500
005 20240807062339.0
008 240806s9999||||xx |||||||||||||| ||eng||
041 _aeng
082 _a891.433009
_bPREM
100 _aPra. Bha. A. Gavlee
245 0 _aPremchandra ke uopnyaso me chhitarit estri purus sambandho ka anusheelan /
_cPra. Bha. A. Gavlee
260 _bAnnapurna Prakashan Kanpur
300 _a0
650 _aHindi
942 _cBK
999 _c16218
_d16218